| 000 | 00522ntaaa2200193 4500 | ||
|---|---|---|---|
| 003 | 01 | ||
| 005 | 20251027203142.0 | ||
| 008 | 0714s1973 ag 01 | ||
| 040 |
_aAR-BaBN _bspa _cAR-BaBN _eaacr _dRIC |
||
| 082 | _a225.7000 W51 | ||
| 100 |
_aWesley, John _914688 |
||
| 245 | _aExplanatory notes upon the New testament | ||
| 250 | _a1 ed. | ||
| 260 |
_aLondon : _bEpworth Press, _c1754, 1966 |
||
| 300 | _a1055 p | ||
| 500 | _aComentario sobre el Nuevo Testamento | ||
| 650 |
_aBiblia-N.T.-Comentario _932244 |
||
| 942 | _cBK | ||
| 999 |
_c26974 _d26974 |
||